Dự báo chiến lược trong kinh doanh Strategic business forecasting :Một phương pháp tiếp cận cấu trúc luận để định hình tương lai công việc kinh doanh

Đưa ra những nguyên tắc dự báo chiến lược trong kinh doanh có khả năng mang lại sự tăng trưởng và lợi nhuận cho công việc kinh doanh của doanh nghiệp như dự báo ngắn hạn, phép loại suy, khả năng, các yếu tố ngoại cảnh... Ngoài ra còn dựa vào...

Disgrifiad llawn

Wedi'i Gadw mewn:
Manylion Llyfryddiaeth
Prif Awdur: Simon, Ramo
Awduron Eraill: Sugar, Ronald
Fformat: Llyfr
Iaith:Undetermined
Cyhoeddwyd: Tp. Hồ Chí Minh Tổng hợp Tp.HCM 2010
Pynciau:
Mynediad Ar-lein:http://lrc.tdmu.edu.vn/opac/search/detail.asp?aID=2&ID=20729
Tagiau: Ychwanegu Tag
Dim Tagiau, Byddwch y cyntaf i dagio'r cofnod hwn!
Thư viện lưu trữ: Trung tâm Học liệu Trường Đại học Thủ Dầu Một
LEADER 01318nam a2200229Ia 4500
001 TDMU_20729
008 210410s9999 xx 000 0 und d
082 |a 658.4 
090 |b S310 
100 |a Simon, Ramo 
245 0 |a Dự báo chiến lược trong kinh doanh 
245 0 |b Strategic business forecasting :Một phương pháp tiếp cận cấu trúc luận để định hình tương lai công việc kinh doanh 
245 0 |c Ramo Simon, Ronald Sugar; Trần Phi Tuấn dịch 
260 |a Tp. Hồ Chí Minh 
260 |b Tổng hợp Tp.HCM 
260 |c 2010 
300 |a 193tr. 
520 |a Đưa ra những nguyên tắc dự báo chiến lược trong kinh doanh có khả năng mang lại sự tăng trưởng và lợi nhuận cho công việc kinh doanh của doanh nghiệp như dự báo ngắn hạn, phép loại suy, khả năng, các yếu tố ngoại cảnh... Ngoài ra còn dựa vào những khả năng trong tương lai. 
650 |a Dự báo kinh doanh; Kinh doanh  |x Kế hoạch chiến lược 
700 |a Sugar, Ronald 
856 |u http://lrc.tdmu.edu.vn/opac/search/detail.asp?aID=2&ID=20729 
980 |a Trung tâm Học liệu Trường Đại học Thủ Dầu Một